000 00611cad a22002055a 4500
001 L160059
008 150226s2018 xxk f 000 0 eng d
035 _a(Sirsi) u160059
041 0 _aeng
100 1 _aBull, G.
245 0 4 _aThe dense city question
260 _c2018
490 _aModus
_vMay 2018, 26-30(5)
520 _aLooks at the potential of denser cities to be more productive, innovative and more energy self-sufficent from planning and placemaking point of view.
590 _aKA
650 2 4 _aDENSITY
650 2 4 _aURBAN GROWTH
690 _aPlanning and development
_96259
942 _n0
999 _c85168
_d85168